000 00265nam a2200097Ia 4500
001 1113257
005 20250827003946.0
008 250824s9999 xx 000 0 und d
245 0 _aATEŞTEN KAÇMAK
_cVLADİMİR TUMANOV
260 _bGÜNIŞIĞI KİTAPLIĞI YAYINLARI
999 _c1113257
_d1113257